[Event "POR-ch"]
[Site "Viana do Castelo"]
[Date "2023.09.08"]
[Round "7"]
[White "Veiga, Jose Francisco RP"]
[Black "Rocha, Sergio MC"]
[Result "0-1"]
[WhiteElo "2354"]
[BlackElo "2306"]
[PlyCount "118"]
[EventDate "2023.09.03"]
[EventType "tourn"]
[EventRounds "9"]
[EventCountry "POR"]
[EventCategory "3"]
[SourceTitle "EXT 2024"]
[Source "ChessBase"]
[SourceDate "2023.10.10"]
[SourceVersion "1"]
[SourceVersionDate "2023.10.10"]
[SourceQuality "1"]

1. e4 Nf6 2. e5 Nd5 3. d4 d6 4. Nf3 Bf5 5. Bd3 Bxd3 6. Qxd3 Qd7 7. 0-0 e6 8. c4 Nb6 9. Nc3 d5 10. c5 Nc4 11. b3 Na5 12. Rb1 Nbc6 13. Bd2 b6 14. Na4 Be7 15. Rfc1 0-0 16. Rc2 Rfb8 17. cxb6 axb6 18. g4 Bd8 19. h4 Nc4 20. Rbc1 Nxd2 21. Qxd2 Ne7 22. h5 Kh8 23. Qf4 Ng8 24. Kg2 Ra7 25. Nc3 Nh6 26. a4 c6 27. Na2 Rc7 28. Kg3 Rbc8 29. Qd2 Be7 30. Qd3 Qd8 31. Nc3 Bg5 32. Rb1 f5 33. exf6 Qxf6 34. Ne2 Rf8 35. Rc3 Rcf7 36. b4 e5 37. dxe5 Bf4+ 38. Kh3 Bxe5 39. Nxe5 Qxe5 40. f4 Qe6 41. Rg1 Re7 42. Nd4 Qd6 43. Nxc6 Re4 44. a5 bxa5 45. bxa5 Qxf4 46. Qg3 Qd2 47. Ne5 d4 48. Rf3 Re8 49. Nc4 Qe2 50. Nd6 Rxg4 51. Nf7+ Nxf7 52. Qxg4 Ng5+ 53. Qxg5 Qxf3+ 54. Rg3 Qh1+ 55. Kg4 h6 56. Qg6 Rf8 57. Qd3 Qd5 58. Kh4 Rf4+ 59. Rg4 Qg5+ 0-1

[Event "POR-ch Seniors 50"]
[Site "Peniche"]
[Date "2023.06.10"]
[Round "5"]
[White "Santos, Micael Costa"]
[Black "Rocha, Sergio MC"]
[Result "1/2-1/2"]
[WhiteElo "1853"]
[BlackElo "2312"]
[PlyCount "28"]
[EventDate "2023.06.06"]
[EventType "swiss"]
[EventRounds "5"]
[EventCountry "POR"]
[SourceTitle "CBM 214 Extra"]
[Source "ChessBase"]
[SourceDate "2023.07.31"]
[SourceVersion "1"]
[SourceVersionDate "2023.07.31"]
[SourceQuality "1"]

1. e4 c5 2. c3 d6 3. Nf3 Nf6 4. Be2 Nc6 5. d3 g6 6. 0-0 Bg7 7. Na3 0-0 8. h3 a6 9. Nc2 b5 10. Bg5 h6 11. Bf4 e5 12. Be3 Qe7 13. Qd2 Kh7 14. Nh2 Be6 1/2-1/2

[Event "POR-ch Seniors 50"]
[Site "Peniche"]
[Date "2023.06.09"]
[Round "4"]
[White "Rocha, Sergio MC"]
[Black "Fernandes, Antonio ETG"]
[Result "0-1"]
[WhiteElo "2312"]
[BlackElo "2334"]
[PlyCount "110"]
[EventDate "2023.06.06"]
[EventType "swiss"]
[EventRounds "5"]
[EventCountry "POR"]
[SourceTitle "CBM 214 Extra"]
[Source "ChessBase"]
[SourceDate "2023.07.31"]
[SourceVersion "1"]
[SourceVersionDate "2023.07.31"]
[SourceQuality "1"]

1. d4 Nf6 2. c4 g6 3. Nc3 Bg7 4. e4 d6 5. Nf3 0-0 6. Be2 e5 7. 0-0 Nc6 8. d5 Ne7 9. b4 Nh5 10. Re1 h6 11. c5 f5 12. Nd2 Nf4 13. Bc4 fxe4 14. Ndxe4 Nf5 15. Be3 h5 16. Rc1 Bh6 17. Bf1 Rf7 18. a4 h4 19. a5 Nxe3 20. fxe3 Nh5 21. Rc2 Bf5 22. Bd3 Nf6 23. Nf2 Kh7 24. e4 Bd7 25. a6 bxa6 26. Bxa6 Qb8 27. c6 Bg4 28. Nxg4 Nxg4 29. Qxg4 Qb6+ 30. Kh1 Qxa6 31. Qe2 Qb6 32. b5 Raf8 33. Nd1 Qd4 34. h3 Bf4 35. Rf1 Bg3 36. Rf3 Rf4 37. Nc3 Kg7 38. Rc1 Qb4 39. Qd3 Qa3 40. Rd1 Qb2 41. Ne2 Rxf3 42. gxf3 Bf2 43. Kg2 Bc5 44. Rd2 Qa1 45. Rd1 Qa4 46. Nc3 Qb4 47. Rb1 Qa3 48. Qc4 Bd4 49. Qb3 Qa5 50. Ne2 Qd2 51. Qc4 Qg5+ 52. Kf1 Rxf3+ 53. Ke1 Rxh3 54. Kd1 Qe3 55. Kc2 Qxe4+ 0-1

[Event "Wch Seniors 50 30th"]
[Site "Assisi"]
[Date "2022.11.19"]
[Round "5"]
[White "Nevednichy, Vladislav"]
[Black "Rocha, Sergio MC"]
[Result "1-0"]
[WhiteElo "2499"]
[BlackElo "2316"]
[PlyCount "83"]
[EventDate "2022.11.15"]
[EventType "swiss"]
[EventRounds "11"]
[EventCountry "ITA"]
[SourceTitle "CBM 211 Extra"]
[Source "ChessBase"]
[SourceDate "2023.01.31"]
[SourceVersion "1"]
[SourceVersionDate "2023.01.31"]
[SourceQuality "1"]

1. e4 e6 2. d4 d5 3. Nc3 Bb4 4. e5 c5 5. a3 Bxc3+ 6. bxc3 Ne7 7. a4 Qc7 8. Nf3 Bd7 9. Be2 Bc6 10. 0-0 Nd7 11. a5 h6 12. g3 Nf5 13. Bd3 0-0-0 14. a6 b6 15. Bxf5 exf5 16. e6 fxe6 17. Bf4 e5 18. Bxe5 Nxe5 19. Nxe5 g5 20. Re1 Rhf8 21. Qf3 Qd6 22. Re2 Bb5 23. c4 Bc6 24. dxc5 Qxc5 25. Rae1 Ba8 26. Ng6 Rf6 27. Ne7+ Kb8 28. cxd5 Bxd5 29. Nxd5 Qxd5 30. Qxd5 Rxd5 31. Re8+ Kc7 32. Ra8 b5 33. Rxa7+ Kb6 34. Ra8 Rd7 35. Rb8+ Kc6 36. Ra1 Ra7 37. Ra5 f4 38. Rbxb5 fxg3 39. hxg3 Rd6 40. c4 Rd4 41. Rc5+ Kb6 42. Rab5+ 1-0

[Event "Wch Seniors 50 30th"]
[Site "Assisi"]
[Date "2022.11.15"]
[Round "1"]
[White "Malinovsky, Petr"]
[Black "Rocha, Sergio MC"]
[Result "0-1"]
[WhiteElo "1971"]
[BlackElo "2316"]
[PlyCount "79"]
[EventDate "2022.11.15"]
[EventType "swiss"]
[EventRounds "11"]
[EventCountry "ITA"]
[SourceTitle "CBM 211 Extra"]
[Source "ChessBase"]
[SourceDate "2023.01.31"]
[SourceVersion "1"]
[SourceVersionDate "2023.01.31"]
[SourceQuality "1"]

1. d4 Nf6 2. c4 e6 3. Nc3 Bb4 4. a3 Bxc3+ 5. bxc3 d6 6. f3 e5 7. e4 Nc6 8. Be3 b6 9. Bd3 Na5 10. Qe2 c5 11. g4 Qe7 12. h4 Ba6 13. d5 0-0-0 14. a4 Kb8 15. Qa2 Nd7 16. Ne2 g6 17. Nc1 f5 18. Bg5 Nf6 19. Nb3 fxg4 20. Nxa5 bxa5 21. fxg4 h6 22. Bxf6 Qxf6 23. Qe2 Rhf8 24. Kd2 Qe7 25. Raf1 Rxf1 26. Qxf1 Rf8 27. Qe2 Rf4 28. Rf1 Qxh4 29. Rxf4 Qg5 30. Kc2 Qxf4 31. Qg2 Bc8 32. Be2 Bd7 33. Kb1 Bxa4 34. Bd3 Bd7 35. Qa2 a4 36. Qb2+ Kc7 37. Bc2 Qf1+ 38. Ka2 Qxc4+ 39. Ka1 Bxg4 40. Bd1 0-1

[Event "POR-ch"]
[Site "Leiria"]
[Date "2022.09.17"]
[Round "7"]
[White "Rocha, Sergio MC"]
[Black "Fernandes, Antonio ETG"]
[Result "1/2-1/2"]
[WhiteElo "2324"]
[BlackElo "2327"]
[PlyCount "281"]
[EventDate "2022.09.12"]
[EventType "tourn"]
[EventRounds "9"]
[EventCountry "POR"]
[EventCategory "4"]
[SourceTitle "CBM 210 Extra"]
[Source "ChessBase"]
[SourceDate "2022.11.30"]
[SourceVersion "1"]
[SourceVersionDate "2022.11.30"]
[SourceQuality "1"]

1. Nf3 Nf6 2. d4 g6 3. c4 Bg7 4. Nc3 d6 5. e4 Bg4 6. Be2 0-0 7. Bg5 Nfd7 8. Ng1 Bxe2 9. Ngxe2 a6 10. a4 Nc6 11. 0-0 Nb4 12. Qd2 c6 13. Nd1 a5 14. Ne3 Nf6 15. Nc3 h6 16. Bh4 e5 17. d5 Nxe4 18. Nxe4 Qxh4 19. Nxd6 Rab8 20. c5 Qd4 21. Qxd4 exd4 22. Nec4 cxd5 23. Nxa5 b6 24. Nab7 bxc5 25. Nxc5 Rb6 26. Nb5 Rc8 27. Rac1 Na2 28. Nd7 Rxc1 29. Nxb6 Rc5 30. Rd1 d3 31. Kf1 Nb4 32. b3 Rc2 33. Nd7 h5 34. f4 h4 35. h3 f6 36. f5 Kf7 37. Nd4 Rc7 38. Nb6 Bh6 39. Kf2 gxf5 40. Kf3 Kg6 41. a5 Ra7 42. Nc8 Rxa5 43. Ne7+ Kf7 44. Nexf5 Bg5 45. g3 Nc2 46. gxh4 Nxd4+ 47. Nxd4 Bxh4 48. Rxd3 Ra2 49. Nf5 Rf2+ 50. Kg4 Bg5 51. Nd4 Rg2+ 52. Kf5 Rf2+ 53. Nf3 Ke7 54. Kg6 Bc1 55. Kf5 Bg5 56. b4 Rb2 57. h4 Bxh4 58. Nxh4 Rxb4 59. Ng6+ Kd6 60. Kxf6 Kc5 61. Ne5 Rf4+ 62. Ke6 d4 63. Rd1 Rh4 64. Rc1+ Kb4 65. Nd3+ Kb3 66. Ke5 Rg4 67. Rc8 Rh4 68. Kf5 Rh3 69. Ke4 Rh4+ 70. Kd5 Rg4 71. Rc7 Rh4 72. Rc6 Rg4 73. Nc5+ Kb2 74. Kc4 Kc2 75. Nd3 Rg8 76. Rc7 Rd8 77. Nb4+ Kd2 78. Rh7 d3 79. Rh2+ Ke3 80. Rh3+ Ke2 81. Nxd3 Rc8+ 82. Kd4 Rd8+ 83. Ke4 Re8+ 84. Ne5 Kd2 85. Rd3+ Kc2 86. Rd7 Kc3 87. Rd5 Rc8 88. Ke3 Re8 89. Rc5+ Kb4 90. Rc4+ Kb3 91. Re4 Kc3 92. Rc4+ Kb3 93. Rc5 Kb4 94. Rd5 Kc3 95. Ke4 Rc8 96. Rd3+ Kb4 97. Nf7 Rc7 98. Nd6 Rh7 99. Nf5 Rc7 100. Ne3 Rh7 101. Nc2+ Kc4 102. Ne3+ Kb4 103. Nd5+ Kb5 104. Rb3+ Kc4 105. Rc3+ Kb5 106. Nf4 Kb4 107. Rc8 Kb5 108. Nd3 Rh4+ 109. Kd5 Rh5+ 110. Ne5 Kb4 111. Rc4+ Kb3 112. Re4 Kc3 113. Kc5 Rh3 114. Rg4 Re3 115. Nd7 Rh3 116. Nf6 Kd3 117. Ra4 Rh8 118. Ra3+ Ke2 119. Ng4 Rh5+ 120. Kd4 Rh4 121. Rg3 Rh8 122. Rg1 Rd8+ 123. Ke4 Kd2 124. Rg3 Re8+ 125. Ne5 Kc2 126. Rg6 Kc3 127. Rd6 Rc8 128. Ke3 Re8 129. Rd5 Rc8 130. Rd7 Re8 131. Rc7+ Kb4 132. Kd4 Rd8+ 133. Nd7 Kb3 134. Rb7+ Kc2 135. Kc4 Kd2 136. Nf6 Rc8+ 137. Kd4 Ke2 138. Ng4 Rd8+ 139. Ke4 Kd2 140. Rc7 Re8+ 141. Ne5 1/2-1/2

[Event "POR-ch"]
[Site "Leiria"]
[Date "2022.09.14"]
[Round "3"]
[White "Dias, Paulo Jorge Guimara"]
[Black "Rocha, Sergio MC"]
[Result "1-0"]
[WhiteElo "2341"]
[BlackElo "2324"]
[PlyCount "33"]
[EventDate "2022.09.12"]
[EventType "tourn"]
[EventRounds "9"]
[EventCountry "POR"]
[EventCategory "4"]
[SourceTitle "CBM 210 Extra"]
[Source "ChessBase"]
[SourceDate "2022.11.30"]
[SourceVersion "1"]
[SourceVersionDate "2022.11.30"]
[SourceQuality "1"]

1. d4 Nf6 2. c4 e6 3. Nc3 Bb4 4. Nf3 0-0 5. Bg5 h6 6. Bh4 Bxc3+ 7. bxc3 d6 8. e4 Nc6 9. Bd3 e5 10. h3 Re8 11. 0-0 Bf5 12. exf5 e4 13. Nh2 exd3 14. Ng4 Qd7 15. Bxf6 h5 16. Ne3 gxf6 17. Qxh5 1-0

[Event "Lisbon Portugal rapid op"]
[Site "Lisbon"]
[Date "2022.09.04"]
[Round "11"]
[White "Faryma, Matviy"]
[Black "Rocha, Sergio MC"]
[Result "0-1"]
[WhiteElo "1659"]
[BlackElo "2324"]
[PlyCount "142"]
[EventDate "2022.09.03"]
[EventType "swiss (rapid)"]
[EventRounds "11"]
[EventCountry "POR"]
[SourceTitle "CBM 210 Extra"]
[Source "ChessBase"]
[SourceDate "2022.11.30"]
[SourceVersion "1"]
[SourceVersionDate "2022.11.30"]
[SourceQuality "1"]

1. e4 c6 2. d4 d5 3. exd5 cxd5 4. Bd3 Nc6 5. c3 Nf6 6. Bf4 Bg4 7. Qb3 Qb6 8. Nd2 e6 9. Ngf3 Be7 10. 0-0 Qxb3 11. axb3 Bxf3 12. Nxf3 Nd7 13. b4 Nb6 14. Bb5 f6 15. Ra2 Kd7 16. Re1 Rhe8 17. Bxc6+ bxc6 18. Rea1 Nc8 19. Nd2 Bd8 20. Kf1 Bb6 21. Nb3 e5 22. dxe5 fxe5 23. Be3 Rb8 24. Bxb6 axb6 25. Ke2 Kc7 26. Nd2 Nd6 27. f3 Nb5 28. Nf1 Rbd8 29. Rd1 g6 30. Raa1 h5 31. Kf2 Rf8 32. Kg1 Rde8 33. Re1 g5 34. Ng3 h4 35. Nf1 h3 36. Nd2 hxg2 37. Kxg2 Re7 38. Re2 Kd6 39. Nf1 Rf4 40. Ng3 g4 41. fxg4 Rxg4 42. Rf1 Kc7 43. Rf5 e4 44. Rf6 Nd6 45. b3 Rgg7 46. Re3 Kd7 47. Rf8 Ref7 48. Rxf7+ Nxf7 49. c4 Ke6 50. Kf2 Ne5 51. Kg2 b5 52. cxb5 cxb5 53. h3 Nd3 54. Kh2 Ke5 55. h4 Nf2 56. Kg2 Ng4 57. Re2 Nf6 58. Kf2 d4 59. Rc2 Ng4+ 60. Ke1 Rh7 61. h5 d3 62. Rc5+ Kf4 63. Nf1 Ne5 64. Rxb5 Rxh5 65. Rb8 Rh1 66. Rf8+ Kg5 67. Kf2 Ng4+ 68. Kg2 Rh6 69. Ng3 Re6 70. Rf5+ Kg6 71. Rd5 Ne3+ 0-1

[Event "Lisbon Portugal rapid op"]
[Site "Lisbon"]
[Date "2022.09.03"]
[Round "4"]
[White "Fidalgo, Daniel Neves"]
[Black "Rocha, Sergio MC"]
[Result "0-1"]
[WhiteElo "2063"]
[BlackElo "2324"]
[PlyCount "100"]
[EventDate "2022.09.03"]
[EventType "swiss (rapid)"]
[EventRounds "11"]
[EventCountry "POR"]
[SourceTitle "CBM 210 Extra"]
[Source "ChessBase"]
[SourceDate "2022.11.30"]
[SourceVersion "1"]
[SourceVersionDate "2022.11.30"]
[SourceQuality "1"]

1. c4 c5 2. g3 Nf6 3. Bg2 Nc6 4. Nc3 e6 5. Nf3 Be7 6. 0-0 b6 7. d4 cxd4 8. Nxd4 Bb7 9. Bf4 0-0 10. Ndb5 Ne8 11. Qd2 a6 12. Nd6 Nxd6 13. Bxd6 f6 14. Rfd1 Rf7 15. b3 Qc8 16. Na4 Bd8 17. c5 bxc5 18. Nxc5 Bb6 19. Rac1 Bxc5 20. Rxc5 Qd8 21. b4 Qb6 22. a3 Re8 23. h4 Nd8 24. Bc7 Qa7 25. Bxd8 Bxg2 26. Kxg2 Rxd8 27. Qd6 Qb7+ 28. Kg1 f5 29. Qc7 Qa8 30. Rd6 f4 31. Rxa6 Qxa6 32. Qxd8+ Rf8 33. Qg5 fxg3 34. Qxg3 Qxe2 35. Rg5 Qd1+ 36. Kg2 Qd4 37. Qe3 Qxh4 38. Rg3 Qf6 39. b5 d5 40. b6 d4 41. Qf3 Qe5 42. Qg4 Rf7 43. Rf3 Qd5 44. Kg3 Qd6+ 45. Kg2 Qxb6 46. Rxf7 Kxf7 47. Qf3+ Ke7 48. Qe4 Kd6 49. a4 Qc6 50. Kf3 h5 0-1

[Event "Lisbon Portugal rapid op"]
[Site "Lisbon"]
[Date "2022.09.03"]
[Round "5"]
[White "Sousa, Andre Ventura"]
[Black "Rocha, Sergio MC"]
[Result "1/2-1/2"]
[WhiteElo "2449"]
[BlackElo "2324"]
[PlyCount "117"]
[EventDate "2022.09.03"]
[EventType "swiss (rapid)"]
[EventRounds "11"]
[EventCountry "POR"]
[SourceTitle "CBM 210 Extra"]
[Source "ChessBase"]
[SourceDate "2022.11.30"]
[SourceVersion "1"]
[SourceVersionDate "2022.11.30"]
[SourceQuality "1"]

1. d4 Nf6 2. Nf3 g6 3. Bg5 Bg7 4. e3 0-0 5. c3 d6 6. Nbd2 a6 7. Bd3 Nbd7 8. 0-0 c5 9. a4 Rb8 10. Qe2 Re8 11. Rfd1 cxd4 12. exd4 Nf8 13. Bc4 Be6 14. a5 Qc7 15. Bd3 Rbc8 16. h3 Nd5 17. Ne4 h6 18. Bd2 Bf5 19. Nh4 Bd7 20. Qf3 Bc6 21. Qg3 Nf6 22. Nxf6+ exf6 23. Bf4 Rcd8 24. Bd2 Qd7 25. Re1 f5 26. Nf3 Be4 27. Bc4 Ne6 28. h4 Qc6 29. Bb3 Qc7 30. Ba4 Re7 31. Bf4 Nxf4 32. Qxf4 Qxa5 33. Nd2 Qc7 34. Nxe4 fxe4 35. Rxe4 Rxe4 36. Qxe4 h5 37. Re1 Bf6 38. g3 Kg7 39. Re2 Rb8 40. Bb3 b5 41. Re3 a5 42. Rf3 a4 43. Bd5 b4 44. c4 Rf8 45. Bc6 Qa7 46. c5 a3 47. bxa3 bxa3 48. Bd5 a2 49. Bxa2 Qxa2 50. cxd6 Qa1+ 51. Kg2 Qxd4 52. Qc6 Rd8 53. d7 Qe5 54. Rf4 Qe6 55. Qf3 Rxd7 56. Kh2 Rd6 57. Kg1 Qd5 58. Rxf6 Qd1+ 59. Kg2 1/2-1/2

[Event "POR-ch"]
[Site "Evora"]
[Date "2021.09.12"]
[Round "6"]
[White "Ferreira, Jorge Viterbo"]
[Black "Rocha, Sergio MC"]
[Result "1-0"]
[WhiteElo "2520"]
[BlackElo "2344"]
[PlyCount "117"]
[EventDate "2021.09.07"]
[EventType "tourn"]
[EventRounds "9"]
[EventCountry "POR"]
[EventCategory "4"]
[SourceTitle "CBM 204 Extra"]
[Source "ChessBase"]
[SourceDate "2021.11.30"]
[SourceVersion "1"]
[SourceVersionDate "2021.11.30"]
[SourceQuality "1"]

1. e4 c6 2. d4 d5 3. Nd2 g6 4. Ngf3 Bg7 5. c3 Nh6 6. Bd3 0-0 7. 0-0 f6 8. h4 Bg4 9. Qb3 Qb6 10. Nh2 Be6 11. Re1 Re8 12. Qc2 Nd7 13. h5 dxe4 14. Bxe4 Bf5 15. hxg6 hxg6 16. Ndf3 e6 17. Bxh6 Bxh6 18. Re2 Nf8 19. Rae1 Qa5 20. a3 Re7 21. Nh4 Rh7 22. Nxf5 gxf5 23. Bf3 Qc7 24. Nf1 Qf4 25. Qd3 Rd8 26. g3 Qg5 27. Bg2 Rdd7 28. f4 Qg6 29. Qf3 Rhe7 30. Kf2 Qf7 31. Bh3 Qh7 32. Kg1 Rg7 33. Rh2 Qg6 34. Bg2 Rh7 35. Kf2 Rde7 36. Re2 Nd7 37. Qh5 Qg7 38. Ke1 Nf8 39. Qf3 Qg6 40. Bh3 Qe8 41. Kd1 Qd8 42. Kc2 Qa5 43. Kb1 Rd7 44. Ne3 Bg7 45. g4 fxg4 46. Nxg4 f5 47. Ne3 Qd8 48. Bf1 Bf6 49. Reg2+ Rdg7 50. Bc4 Rxh2 51. Rxh2 Rg1+ 52. Ka2 Kg7 53. Qh5 Rg6 54. Nxf5+ Kf7 55. Nh4 Bxh4 56. f5 Qg5 57. fxg6+ Nxg6 58. Qxg5 Bxg5 59. Rh7+ 1-0

[Event "POR-ch"]
[Site "Evora"]
[Date "2021.09.11"]
[Round "5"]
[White "Rocha, Sergio MC"]
[Black "Padeiro, Jose Joao Tato"]
[Result "1-0"]
[WhiteElo "2344"]
[BlackElo "2235"]
[PlyCount "49"]
[EventDate "2021.09.07"]
[EventType "tourn"]
[EventRounds "9"]
[EventCountry "POR"]
[EventCategory "4"]
[SourceTitle "CBM 204 Extra"]
[Source "ChessBase"]
[SourceDate "2021.11.30"]
[SourceVersion "1"]
[SourceVersionDate "2021.11.30"]
[SourceQuality "1"]

1. d4 Nf6 2. c4 e6 3. Nf3 Bb4+ 4. Bd2 Bxd2+ 5. Nbxd2 d5 6. g3 0-0 7. Bg2 Qe7 8. Qb3 Nbd7 9. Rc1 c6 10. 0-0 a5 11. Rfe1 a4 12. Qc3 b6 13. Ne5 Bb7 14. Nd3 Rfc8 15. e4 dxc4 16. Nxc4 Ba6 17. a3 Bxc4 18. Qxc4 e5 19. Bh3 exd4 20. e5 Nd5 21. e6 Nf8 22. exf7+ Qxf7 23. Ne5 Qh5 24. Bg4 Qg5 25. h4 1-0

[Event "POR-ch"]
[Site "Evora"]
[Date "2021.09.09"]
[Round "3"]
[White "Rocha, Sergio MC"]
[Black "Veiga, Jose Francisco RP"]
[Result "1-0"]
[WhiteElo "2344"]
[BlackElo "2369"]
[PlyCount "127"]
[EventDate "2021.09.07"]
[EventType "tourn"]
[EventRounds "9"]
[EventCountry "POR"]
[EventCategory "4"]
[SourceTitle "CBM 204 Extra"]
[Source "ChessBase"]
[SourceDate "2021.11.30"]
[SourceVersion "1"]
[SourceVersionDate "2021.11.30"]
[SourceQuality "1"]

1. e4 e5 2. Nf3 Nc6 3. Bb5 a6 4. Bxc6 dxc6 5. 0-0 Ne7 6. c3 Ng6 7. d4 Bg4 8. Be3 exd4 9. cxd4 Nh4 10. Nbd2 Nxf3+ 11. Nxf3 Qf6 12. h3 Bxf3 13. Qxf3 Qxf3 14. gxf3 0-0-0 15. Kg2 f5 16. Kg3 Bd6+ 17. e5 Be7 18. f4 Kd7 19. Rac1 Ke6 20. Rc3 Rd5 21. Kf3 Rhd8 22. Rg1 Bf8 23. h4 Ra5 24. a3 Rdd5 25. h5 Rdb5 26. Bc1 Ra4 27. Rd1 Rd5 28. Rb3 Rb5 29. Rc3 Kd5 30. Ke3 Rc4 31. Rxc4 Kxc4 32. Rd3 Kd5 33. Rc3 a5 34. Kd3 Rb6 35. Kc2 Ra6 36. Rg3 a4 37. Bd2 Kxd4 38. Rd3+ Kc4 39. Be3 Ra8 40. Rd4+ Kb5 41. Rd7 Rc8 42. Rf7 Kc4 43. h6 gxh6 44. Rxf5 Kd5 45. Rf7 c5 46. Rxh7 b5 47. Rh8 Rd8 48. Bd2 c6 49. Ba5 Rc8 50. f3 c4 51. Bc3 Ke6 52. Bb4 Kf7 53. e6+ Kxe6 54. Rxf8 Rxf8 55. Bxf8 h5 56. Kd2 Kd5 57. Be7 Ke6 58. Bh4 c5 59. Kc3 Kf5 60. Bg3 Ke6 61. Bf2 Kf5 62. Bxc5 Kxf4 63. Kb4 Kxf3 64. Kxb5 1-0

[Event "POR-ch"]
[Site "Evora"]
[Date "2021.09.08"]
[Round "2"]
[White "Sousa, Andre Ventura"]
[Black "Rocha, Sergio MC"]
[Result "1-0"]
[WhiteElo "2406"]
[BlackElo "2344"]
[PlyCount "113"]
[EventDate "2021.09.07"]
[EventType "tourn"]
[EventRounds "9"]
[EventCountry "POR"]
[EventCategory "4"]
[SourceTitle "CBM 204 Extra"]
[Source "ChessBase"]
[SourceDate "2021.11.30"]
[SourceVersion "1"]
[SourceVersionDate "2021.11.30"]
[SourceQuality "1"]

1. e4 c6 2. d4 d5 3. Nd2 dxe4 4. Nxe4 Nf6 5. Nxf6+ exf6 6. c3 Bd6 7. Bd3 h5 8. Ne2 Qc7 9. Be3 Nd7 10. Ng3 g6 11. Ne4 Be7 12. Qd2 Nf8 13. 0-0 Ne6 14. d5 cxd5 15. Bb5+ Kf8 16. Qxd5 a6 17. Ba4 Kg7 18. Bb3 Rd8 19. Qc4 Qxc4 20. Bxc4 f5 21. Bxe6 fxe6 22. Nd2 Bd7 23. Bb6 Re8 24. Rad1 Bc6 25. Rfe1 Bf6 26. Nc4 h4 27. h3 g5 28. f3 Kg6 29. Kf2 g4 30. hxg4 fxg4 31. fxg4 h3 32. gxh3 Bh4+ 33. Kg1 Bxe1 34. Rxe1 Kg5 35. Re5+ Kf6 36. Bd4 Rad8 37. Rh5+ Rxd4 38. cxd4 Rd8 39. Rh6+ Kg5 40. Rxe6 Rxd4 41. b3 Rd1+ 42. Kf2 Rh1 43. Re5+ Kf4 44. Rf5+ Ke4 45. Kg3 b5 46. Rf4+ Kd5 47. Ne3+ Ke5 48. Rf2 Be4 49. g5 Kd4 50. Nf5+ Ke5 51. Kg4 Bb1 52. Re2+ Kd5 53. Ng3 Rg1 54. h4 b4 55. h5 Bd3 56. Re8 Rg2 57. Rd8+ 1-0

[Event "Online Olym Div2 C"]
[Site "Chess.com INT"]
[Date "2021.09.03"]
[Round "6.5"]
[White "Masango, Spencer"]
[Black "Rocha, Sergio MC"]
[Result "0-1"]
[WhiteElo "2101"]
[BlackElo "2344"]
[PlyCount "64"]
[EventDate "2021.09.02"]
[EventType "team (rapid)"]
[EventRounds "9"]
[EventCountry "USA"]
[SourceTitle "CBM 204 Extra"]
[Source "ChessBase"]
[SourceDate "2021.11.30"]
[SourceVersion "1"]
[SourceVersionDate "2021.11.30"]
[SourceQuality "1"]
[WhiteTeam "Zimbabwe"]
[BlackTeam "Portugal"]
[WhiteTeamCountry "ZIM"]
[BlackTeamCountry "POR"]

1. Nf3 Nf6 2. c4 g6 3. Nc3 Bg7 4. e4 d6 5. d4 0-0 6. Be2 Bg4 7. h3 Bxf3 8. Bxf3 Nfd7 9. 0-0 e5 10. d5 a5 11. Be3 Na6 12. Qd2 f5 13. Qe2 f4 14. Bd2 h5 15. a3 Qe8 16. Rfb1 Nf6 17. b4 g5 18. c5 Qg6 19. Qe1 g4 20. hxg4 hxg4 21. Be2 f3 22. Bxa6 bxa6 23. Qe3 g3 24. Qg5 gxf2+ 25. Kf1 Qh7 26. gxf3 Nxe4 27. fxe4 Qh3+ 28. Ke2 Qf3+ 29. Kf1 Rf6 30. Rd1 Rh6 31. Qxh6 Bxh6 32. Bxh6 Kh7 0-1

[Event "Online Olym Div2 C"]
[Site "Chess.com INT"]
[Date "2021.09.02"]
[Round "3.3"]
[White "Rocha, Sergio MC"]
[Black "Aagaard, Jacob"]
[Result "0-1"]
[WhiteElo "2344"]
[BlackElo "2477"]
[PlyCount "96"]
[EventDate "2021.09.02"]
[EventType "team (rapid)"]
[EventRounds "9"]
[EventCountry "USA"]
[SourceTitle "CBM 204 Extra"]
[Source "ChessBase"]
[SourceDate "2021.11.30"]
[SourceVersion "1"]
[SourceVersionDate "2021.11.30"]
[SourceQuality "1"]
[WhiteTeam "Portugal"]
[BlackTeam "Scotland"]
[WhiteTeamCountry "POR"]
[BlackTeamCountry "SCO"]

1. Nf3 d5 2. b3 Nf6 3. Bb2 c5 4. g3 Nc6 5. Bg2 Qc7 6. 0-0 e5 7. d3 Bd6 8. Nc3 a6 9. e4 d4 10. Ne2 0-0 11. Nh4 Re8 12. Bc1 b5 13. Bg5 Nd7 14. Nf5 Bf8 15. g4 c4 16. Neg3 f6 17. Bd2 Nc5 18. Qf3 a5 19. Rfd1 c3 20. Bc1 a4 21. bxa4 Rxa4 22. g5 fxg5 23. Bxg5 Nb4 24. Qe2 Nxa2 25. Rdb1 Ne6 26. Qg4 Nxg5 27. Qxg5 Nb4 28. Nh5 Re6 29. Kh1 Rg6 30. Qc1 Qf7 31. Nhg3 Na2 32. Qd1 b4 33. Bf3 Rb6 34. Bg4 b3 35. cxb3 Ra8 36. Qe2 Rba6 37. Kg2 g6 38. Nh4 Bxg4 39. Qxg4 Nb4 40. Rxa6 Rxa6 41. Ngf5 Kh8 42. Ng3 Nxd3 43. Nf3 c2 44. Rf1 Rf6 45. Ng5 Rxf2+ 46. Kh3 Rxf1 47. Nxf7+ Rxf7 48. Qe6 Nf4+ 0-1

[Event "FIDE World Cup Europe Hybrid Qual"]
[Site "Tornelo INT"]
[Date "2021.05.24"]
[Round "1.1"]
[White "Ibarra Jerez, Jose Carlos"]
[Black "Rocha, Sergio MC"]
[Result "1-0"]
[WhiteElo "2558"]
[BlackElo "2340"]
[PlyCount "69"]
[EventDate "2021.05.24"]
[EventType "k.o."]
[EventRounds "3"]
[EventCountry "NET"]
[SourceTitle "CBM 202 Extra"]
[Source "ChessBase"]
[SourceDate "2021.07.31"]
[SourceVersion "1"]
[SourceVersionDate "2021.07.31"]
[SourceQuality "1"]

1. e4 d5 2. exd5 Qxd5 3. Nc3 Qa5 4. d4 c6 5. Bc4 Nf6 6. Bd2 Bf5 7. Qe2 e6 8. d5 cxd5 9. Nxd5 Qd8 10. Nxf6+ gxf6 11. 0-0-0 Qc7 12. g4 Bg6 13. f4 f5 14. Bc3 Rg8 15. Be5 Qc5 16. Bxb8 Rxb8 17. Rd5 Qc7 18. Bb5+ Ke7 19. Rd7+ Qxd7 20. Bxd7 Kxd7 21. Qb5+ Kc7 22. Qc4+ Kb6 23. Nf3 Bd6 24. Ne5 Bxe5 25. Qb4+ Ka6 26. fxe5 Rgd8 27. a4 b6 28. gxf5 Bxf5 29. Qb5+ Kb7 30. Rd1 Rxd1+ 31. Kxd1 Rd8+ 32. Kc1 Rd5 33. Qe8 Rxe5 34. Qd7+ Ka6 35. Qc8+ 1-0

[Event "Portuguese Masters"]
[Site "Fatima"]
[Date "2021.04.12"]
[Round "9"]
[White "Rocha, Sergio MC"]
[Black "Silva, Goncalo Nuno Neto"]
[Result "1/2-1/2"]
[WhiteElo "2346"]
[BlackElo "2160"]
[PlyCount "72"]
[EventDate "2021.04.06"]
[EventType "tourn"]
[EventRounds "9"]
[EventCountry "POR"]
[EventCategory "1"]
[SourceTitle "CBM 201 Extra"]
[Source "ChessBase"]
[SourceDate "2021.05.31"]
[SourceVersion "1"]
[SourceVersionDate "2021.05.31"]
[SourceQuality "1"]

1. d4 Nf6 2. c4 g6 3. Nc3 Bg7 4. e4 d6 5. Nf3 0-0 6. Be2 Nbd7 7. 0-0 e5 8. Be3 Qe7 9. d5 Ng4 10. Bg5 f6 11. Bh4 g5 12. Bg3 h5 13. Nd2 f5 14. exf5 Ndf6 15. h3 Nh6 16. Bxh5 Bxf5 17. Re1 Nxh5 18. Qxh5 g4 19. hxg4 Bxg4 20. Qh4 Qf7 21. Nde4 Qg6 22. Qg5 Qxg5 23. Nxg5 Rf6 24. Nge4 Rg6 25. Nb5 a6 26. Nxc7 Rc8 27. Ne6 Bxe6 28. dxe6 Rxe6 29. b3 Nf5 30. Rad1 Rg6 31. a4 Kf7 32. c5 dxc5 33. Rd7+ Kg8 34. Rxb7 c4 35. Rc1 Rgc6 36. Rc3 cxb3 1/2-1/2